02966cam a2200433 i 4500003000900000005001700009008004100026010001700067020001500084020001800099035002700117040003300144082002200177245012400199264003400323300004300357336002100400337002500421338002300446490004600469504004000515504003400555505172100589526001002310526001002320526001002330526001002340526000802350526000802358526000802366526000802374526000802382526000802390526000802398630003102406700002802437700003202465700003502497PE-LiUPU20250731172839.0150416s2015 gau b 001 0 eng  a 2015014546 a1628370602 a9781628370607 a(Sirsi) i9781628370607 aPE-LiUPUbspacPE-LiUPUerda00a224.90663bB722304aThe Book of the Twelve and the new form criticism /cedited by Mark J. Boda, Michael H. Floyd, and Colin M. Toffelmire. 1aAtlanta :bSBL Press,c[2015] aix, 366 páginas ;c24 centímetros. atext2rdacontent aunmediated2rdamedia avolume2rdacarrier1 aAncient Near East monographs ;vnumber 10 aBibliografía : páginas 323-346. aÍndice : páginas 347-366.00gIntroduction / Michael H. Floyd -- New form criticism and beyond: the historicity of prophetic literature revisited / Michael H. Floyd -- "I will make her like a desert": intertextual allusion and feminine and agricultural metaphors in the Book of the Twelve / Beth M. Stovell -- Reading the "prophetic lawsuit" genre in the Persian period / James M. Trotter -- The vision report genre between form-criticism and redaction-criticism: an investigation of Amos 7-9 and Zechariah 1-6 / Lena-Sofia Tiemeyer -- Harrowing woes and comforting promises in the Book of the Twelve / Carol J. Dempsey -- Twelve (and more) anonyms: a biblical book without authors / Erhard S. Gerstenberger -- Form and eschatology in the Book of the Twelve prophets / Marvin A. Sweeney -- Where are the prophets in the Book of the Twelve? / James D. Nogalski -- A deafening call to silence: the rhetorical "end" of human address to the deity in the Book of the Twelve / Mark J. Boda -- The book of Amos as "prophetic fiction": describing the genre of a written work that reinvigorates older oral speech forms / Tim Bulkeley -- Sitz im what? Context and the prophetic book of Oadiah / Colin M. Toffelmire -- The non-Israelite nations in Zephaniah: conceptual coherence and the relationship of the parts to the whole / D.C. Timmer -- Form criticism in Haggai, Zechariah, and Malachi: from oral sayings to literature / Paul L. Redditt -- A new form-critical approach to Zechariah's crowning of the high priest Joshua and the identity of "Shoot" (Zechariah 6:9-15) / Anthony R. Petterson -- Goals and processes of the "new" form criticism / Martin J. Buss -- New form criticism and the prophetic literature: the unfinished agenda / Robert R. Wilson. aSEG42 aSEG41 aSEG40 aSEG39 aP94 aP87 aP86 aP85 aP77 aP76 aP3500aBiblia.pProfetas menores.1 aBoda, Mark J.,eeditor.1 aFloyd, Michael H.,eeditor.1 aToffelmire, Colin M.,eeditor.